将棋のタイトルを獲得した棋士 - Statistics

General Stats
  • This quiz has been taken 122 times
  • The average score is 15 of 46
Answer Stats
順位 期合計 棋士名 最新獲得 初獲得 最大冠 % Correct
1位 99 羽生善治 2017竜王 1989竜王 七冠(1995)
97%
6位 25 藤井聡太 2024王座 2022棋聖 八冠(2023)
97%
4位 31 渡辺明 2022名人 2004竜王 四冠(2020)
68%
10位 8 加藤一二三 1984王位 1968十段 二冠(1978,1982)
68%
2位 80 大山康晴 1981王将 1950九段 五冠(1962-1966,1970)
59%
9位 12 森内俊之 2013竜王 2002名人 三冠(2004)
52%
3位 64 中原誠 1992名人 1968棋聖 五冠(1977,1978)
51%
5位 27 谷川浩司 2003王位 1983名人 四冠(1991,1992)
51%
23位 3 佐藤天彦 2018名人 2016名人
51%
8位 13 佐藤康光 2011王将 1993竜王 二冠(2002,2006,2007)
48%
18位 5 永瀬拓矢 2022王座 2019叡王 二冠(2019)
47%
23位 3 藤井猛 2000竜王 1998竜王
47%
7位 19 米長邦雄 1973棋聖 1993名人 四冠(1984)
45%
33位 1 中村太地 2017王座
45%
33位 1 伊藤匠 2024叡王
43%
15位 6 豊島将之 2020竜王 2018棋聖 三冠(2019)
40%
12位 7 升田幸三 1958名人 1951王将 三冠(1957)
39%
15位 6 郷田真隆 2015王将 1992王将
38%
33位 1 木村一基 2019王位
37%
33位 1 糸谷哲郎 2014竜王
36%
10位 8 木村義雄 1951名人 1937名人
28%
33位 1 高見泰地 2018叡王
28%
12位 7 久保利明 2017王将 2008棋王 二冠(2009,2010)
27%
28位 2 広瀬章人 2018竜王 2010王位
27%
33位 1 菅井竜也 2017王位
26%
23位 3 深浦康市 2009王位 2007王位
25%
33位 1 斎藤慎太郎 2018王座
25%
23位 3 丸山忠久 2002棋王 2000名人
23%
18位 5 高橋道雄 1987十段 1983王位 二冠(1986,1987)
22%
23位 3 屋敷伸之 1997棋聖 1990棋聖
22%
33位 1 島朗 1988竜王
22%
33位 1 三浦弘行 1996棋聖
21%
12位 7 南芳一 1991棋聖 1987棋聖 二冠(1987,1988)
15%
28位 2 福崎文吾 1991王座 1986十段
15%
18位 5 二上達也 1989棋聖 1962王将
14%
21位 4 内藤國雄 1982王位 1969棋聖
14%
15位 6 塚田正夫 1955九段 1947名人
10%
28位 2 森雞二 1988王位 1982棋聖
10%
28位 2 中村修 1986王将 1985王将
10%
33位 1 田中寅彦 1988棋聖
10%
33位 1 塚田泰明 1987王座
10%
21位 4 桐山清澄 1987棋聖 1984棋王
9%
28位 2 山田道美 1967棋聖 1967棋聖
9%
33位 1 有吉道夫 1972棋聖
9%
33位 1 大内延介 1975棋王
7%
33位 1 森安秀光 1983棋聖
3%
No matching quizzes found
Score Distribution
Percent of People with Each Score
Percentile by Number Answered
Your Score History
You have not taken this quiz